سندباد و هندباد / (رقم التسجيلة. 47619)
[ عرض عادي ]
| 000 -LEADER | |
|---|---|
| fixed length control field | 00578nam a22001937a 4500 |
| 005 - DATE AND TIME OF LATEST TRANSACTION | |
| control field | 20251108170728.0 |
| 008 - FIXED-LENGTH DATA ELEMENTS--GENERAL INFORMATION | |
| fixed length control field | 250721s1996 xx 000 0 ara d |
| 082 14 - DEWEY DECIMAL CLASSIFICATION NUMBER | |
| Classification number | ط/812/يعق |
| 100 1# - MAIN ENTRY--PERSONAL NAME | |
| Personal name | يعقوب، لوسي |
| 245 10 - TITLE STATEMENT | |
| Title | سندباد و هندباد / |
| 264 1# - PRODUCTION, PUBLICATION, DISTRIBUTION, MANUFACTURE, AND COPYRIGHT NOTICE | |
| Place of production, publication, distribution, manufacture | القاهرة : |
| Name of producer, publisher, distributor, manufacturer | دار الرشاد، |
| Date of production, publication, distribution, manufacture, or copyright notice | 1996. |
| 300 ## - PHYSICAL DESCRIPTION | |
| Extent | 23ص. |
| 490 0# - SERIES STATEMENT | |
| Series statement | مسرحيات لطفلي ؛4 |
| 650 17 - SUBJECT ADDED ENTRY--TOPICAL TERM | |
| Topical term or geographic name as entry element | المسرحيات العربية |
| 653 ## - INDEX TERM--UNCONTROLLED | |
| Uncontrolled term | ناشئون صغار (10-14) سنة |
| 700 1# - ADDED ENTRY--PERSONAL NAME | |
| Personal name | أمين، عمرو |
| Relator term | رسم |
| 942 ## - ADDED ENTRY ELEMENTS (KOHA) | |
| Source of classification or shelving scheme | Dewey Decimal Classification |
| Koha item type | كتب |
| حالة السحب | حالة الفقدان | مصدر التصنيف | حالة التلف | غير قابل للإعارة | المكتبة الرئيسية | المكتبة الحالية | موقع الرف | تاريخ التزويد | الرقم المتسلسل | Total Checkouts | رقم الإستدعاء | الباركود | تاريخ آخر ظهور | تاريخ الفاتورة | نوع المادة (كوها) |
|---|---|---|---|---|---|---|---|---|---|---|---|---|---|---|---|
| Dewey Decimal Classification | مكتبة أم قصير والمقابلين العامة | مكتبة أم قصير والمقابلين العامة | الأطفال | 06/07/2004 | 348341 | ط/812/يعق | 348341 | 28/07/2025 | 06/07/2004 | كتب | |||||
| Dewey Decimal Classification | Unchecked | مكتبة الجويدة | مكتبة الجويدة | الأطفال | 06/07/2004 | 348333 | ط/812/يعق | 28/07/2025 | 06/07/2004 | كتب | |||||
| Dewey Decimal Classification | Unchecked | مكتبة الحسن العامة | مكتبة الحسن العامة | الأطفال | 06/07/2004 | 348337 | ط/812/يعق | 28/07/2025 | 06/07/2004 | كتب | |||||
| Dewey Decimal Classification | مكتبة الراية الهاشمية للأطفال | مكتبة الراية الهاشمية للأطفال | الإعارة | 28/07/2025 | 297686 | ط/812/يعق | 297686 | 28/07/2025 | 28/07/2025 | كتب | |||||
| Dewey Decimal Classification | مكتبة النصر العامة | مكتبة النصر العامة | الأطفال | 06/07/2004 | 348338 | ط/812/يعق | 348338 | 28/07/2025 | 06/07/2004 | كتب | |||||
| Dewey Decimal Classification | مكتبة الياسمين للأطفال | مكتبة الياسمين للأطفال | الأطفال | 08/04/2014 | 348328 | ط/812/يعق | PLD00298212 | 28/07/2025 | 08/04/2014 | كتب | |||||
| Dewey Decimal Classification | Unchecked | مكتبة حمزة العامة | مكتبة حمزة العامة | الأطفال | 06/07/2004 | 348335 | ط/812/يعق | 28/07/2025 | 06/07/2004 | كتب | |||||
| Dewey Decimal Classification | مكتبة صويلح العامة | مكتبة صويلح العامة | الأطفال | 06/07/2004 | 348339 | ط/812/يعق | 348339 | 28/07/2025 | 06/07/2004 | كتب | |||||
| Dewey Decimal Classification | Unchecked | مكتبة وادي السير العامة | مكتبة وادي السير العامة | الأطفال | 06/07/2004 | 348331 | ط/812/يعق | 28/07/2025 | 06/07/2004 | كتب | |||||
| Dewey Decimal Classification | مكتبة وادي السير العامة | مكتبة وادي السير العامة | الأطفال | 16/01/2016 | 34321 | ط/812/يعق | PLD00369129 | 28/07/2025 | 16/01/2016 | كتب |